Catálogo
 En Linea
Vista normal Vista MARC

Entrada Término temático

Número de registros utilizados en: 2

001 - NÚMERO DE CONTROL

  • campo de control: 36767

003 - IDENTIFICADOR DEL NÚMERO DE CONTROL

  • campo de control: OSt

005 - FECHA Y HORA DE LA ÚLTIMA TRANSACCIÓN

  • campo de control: 20260522095016.0

008 - DATOS DE LONGITUD FIJA

  • campo de control de longitud fija: 200615|| aca||aabn | a|a d

010 ## - NÚMERO DE CONTROL DE LA BIBLIOTECA DEL CONGRESO

  • Número de control de LC: sh 85029088

040 ## - FUENTE DE LA CATALOGACIÓN

  • Centro catalogador/agencia de origen: DO-SdBNP
  • Lengua de catalogación: spa
  • Centro/agencia transcriptor: BNPHU
  • Normas de descripción: rda

150 ## - ENCABEZAMIENTO--TÉRMINO DE MATERIA

  • Término de materia o nombre geográfico como elemento de entrada: Comunicación en la política

450 ## - TRAZADO DE VÉASE--TÉRMINO DE MATERIA

  • Término de materia o nombre geográfico como elemento de entrada: Comunicación en política

450 0# - TRAZADO DE VÉASE--TÉRMINO DE MATERIA

  • Término de materia o nombre geográfico como elemento de entrada: Communication in politics

550 ## - TRAZADO VÉASE ADEMÁS--TÉRMINO DE MATERIA

  • Término de materia o nombre geográfico como elemento de entrada: Ciencia política
  • Subcampo de control: g

550 ## - TRAZADO VÉASE ADEMÁS--TÉRMINO DE MATERIA

  • Término de materia o nombre geográfico como elemento de entrada: Medios de comunicación masiva
  • Subdivisión general: Aspectos políticos
  • Subcampo de control: h

550 ## - TRAZADO VÉASE ADEMÁS--TÉRMINO DE MATERIA

  • Término de materia o nombre geográfico como elemento de entrada: Propaganda
  • Subcampo de control: h

550 ## - TRAZADO VÉASE ADEMÁS--TÉRMINO DE MATERIA

  • Término de materia o nombre geográfico como elemento de entrada: Propaganda
  • Subcampo de control: h

670 ## - FUENTE DE DATOS ENCONTRADOS

  • Cita de la fuente: Work cat.: (OSt)16060: Gil Iturbides, Pedro 54, Información y relaciones públicas gubernamentales /, 1983.

670 ## - FUENTE DE DATOS ENCONTRADOS

  • Identificador Uniforme del Recurso: https://librunam.dgb.unam.mx:8443/F/G7RUS76QMHTKRHDVIIRKYXALU1HSNR6L29GT2L1Q39ETL76C9U-02632?func=full-set-set&set_number=001010&set_entry=000001&format=001 Consultado en 22 de Mayo, 2026

680 ## - NOTA GENERAL PÚBLICA

  • Texto explicativo: Aquí se asientan las obras sobre el uso de la comunicación en el proceso político. Las obras sobre la interrelación entre comunicación e instituciones políticas se asientan bajo
  • Encabezamiento o término de subdivisión: Comunicación--Aspectos políticos

681 ## - NOTA DE EJEMPLO DE TRAZADO DE MATERIA

  • Texto explicativo: Nota bajo
  • Encabezamiento de materia o término de subdivisión: Comunicación--Aspectos políticos

750 0# - ENTRADA DE ENLACE DE ENCABEZAMIENTO ESTABLECIDO--TÉRMINO DE MATERIA

  • Término de materia o nombre geográfico como elemento de entrada: Communication in politics
  • Número de control del registro de autoridad o número normalizado: sh 85029088

Con tecnología Koha